| 000 | 00492nam a2200181Ia 4500 | ||
|---|---|---|---|
| 008 | 240925s9999 xx 000 0 und d | ||
| 020 | _a132280298 | ||
| 082 | _a003.75 KHA | ||
| 100 | _aKhalil ,Hassan K. | ||
| 245 | 0 | _aNonlinear Systems | |
| 250 | _a2nd | ||
| 260 |
_aNew Jersey: _bPrintice- Hall Int. _c,1996. |
||
| 300 |
_axvii,619p. _bN.A _fPirated |
||
| 500 | _aIncludes Index | ||
| 600 | _aComputer Science | ||
| 650 | _aComputer science, information & general works | ||
| 942 | _cBK | ||
| 999 |
_c10805 _d10805 |
||